| 000 | 00814nam a2200253Ia 4500 | ||
|---|---|---|---|
| 003 | OSt | ||
| 005 | 20220918171919.0 | ||
| 006 | a|||||r|||| 00| 0 | ||
| 007 | ta | ||
| 008 | 220917b |||||||| |||| 00| 0 eng d | ||
| 020 |
_a9788187966708 (hbk) _c880 |
||
| 024 | _a242,971 | ||
| 037 |
_b102, 02/07/2010, Anshika Book International _cTextual |
||
| 040 |
_aARTS _cARTS _beng |
||
| 041 |
_2eng _aeng |
||
| 082 | _aV2:19(C9B3).P1, P9 | ||
| 100 |
_aSethi Manpreet _926887 |
||
| 245 | 0 |
_aNuclear strategy _b India's march towards credible deterrence |
|
| 260 |
_aNew Delhi _bK.W. Publishers India _c2009 |
||
| 300 |
_axxxiii,395p. _ccm. |
||
| 650 | _aHISTORY | ||
| 942 |
_hV2:19(C9B3).P1, P9 _cTEXL _2CC |
||
| 999 |
_c141891 _d141891 |
||